| 000 | 00580nam a22001817a 4500 | ||
|---|---|---|---|
| 005 | 20250917112426.0 | ||
| 008 | 250915b |||||||| |||| 00| 0 eng d | ||
| 020 | _a9781394212910 | ||
| 082 | _aDC 621.4021 B644 2025 | ||
| 100 |
_aBorgnakke, Claus. _967397 |
||
| 245 |
_aFundamentals of thermodynamics / _cClaus Borgnakke. |
||
| 250 | _aEleventh edition. | ||
| 260 |
_aNew Jersey : _bJohn Wiley & Sons, Inc., _c©2025. |
||
| 300 |
_axvii, 627 pages : _billustrations ; _c26 cm. |
||
| 500 | _aIncludes appendices and index. | ||
| 650 | 0 |
_aThermodynamics. _967656 |
|
| 942 |
_2ddc _cDC |
||
| 999 |
_c23754 _d23754 |
||